000 00268nam a22001217a 4500
008 181003b xxu||||| |||| 00| 0 eng d
041 _aeng
080 _a941
100 _a26
101 _aHIS
245 _aSocial Change And History
_cNisbet.R.A
942 _2udc
_cBK
999 _c48805
_d48805